Online
Catalog

Los nudos del silencio / (Record no. 11972)

MARC details
000 -CABECERA
campo de control de longitud fija 00717nam a2200241 a 4500
001 - NÚMERO DE CONTROL
campo de control 000012315
005 - FECHA Y HORA DE LA ÚLTIMA TRANSACCIÓN
campo de control 20200929162807.0
008 - DATOS DE LONGITUD FIJA--INFORMACIÓN GENERAL
campo de control de longitud fija 091111s2006 dr 000 f spa d
020 ## - NÚMERO INTERNACIONAL ESTÁNDAR DEL LIBRO
ISBN cancelado o inválido 1932271511
040 ## - FUENTE DE LA CATALOGACIÓN
Centro catalogador/agencia de origen DO-SdBNP
Lengua de catalogación spa
Centro/agencia transcriptor BNPHU
082 ## - NÚMERO DE LA CLASIFICACIÓN DECIMAL DEWEY
Número de clasificación Pa863.44
Número de documento/Ítem F385n, 2006
049 ## - FONDOS LOCALES (OCLC)
Fondos de biblioteca BNGR
100 1# - ENTRADA PRINCIPAL--NOMBRE DE PERSONA
Nombre de persona Ferrer, Renée,
Fechas asociadas al nombre 1944-
9 (RLIN) 28977
245 14 - MENCIÓN DE TÍTULO
Título Los nudos del silencio /
Mención de responsabilidad, etc. Renée Ferrer.
250 ## - MENCIÓN DE EDICIÓN
Mención de edición 2a ed.
260 ## - PUBLICACIÓN, DISTRIBUCIÓN, ETC.
Lugar de publicación, distribución, etc. San Juan, Puerto Rico, :
Nombre del editor, distribuidor, etc. Isla Negra,
Fecha de publicación, distribución, etc. 2006.
300 ## - DESCRIPCIÓN FÍSICA
Extensión 120 p. ;
Dimensiones 22 cm.
490 1# - MENCIÓN DE SERIE
Mención de serie El canon secuestrado
650 #4 - PUNTO DE ACCESO ADICIONAL DE MATERIA--TÉRMINO DE MATERIA
Término de materia o nombre geográfico como elemento de entrada Novela paraguaya
9 (RLIN) 15048
650 #4 - PUNTO DE ACCESO ADICIONAL DE MATERIA--TÉRMINO DE MATERIA
Término de materia o nombre geográfico como elemento de entrada Literatura paraguaya
9 (RLIN) 15641
830 #0 - PUNTO DE ACCESO ADICIONAL DE SERIE-TÍTULO UNIFORME
Título uniforme El canon secuestrado
9 (RLIN) 6917
910 ## - DATOS DE OPCIÓN DEL USUARIO (OCLC)
Datos de opción del usuario Validado. Control de calidad BNPHU
Holdings
Estado de retiro Estado de pérdida No para préstamo Código de colección Localización permanente Ubicación/localización actual Ubicación en estantería Fecha de adquisición Número de inventario Total de préstamos Signatura topográfica completa Código de barras Fecha visto por última vez Precio válido a partir de Tipo de ítem Koha Restricciones de uso Número de copia
    Excluido de préstamo Patrimonio Dominicano General General Depósito 11.11.2009 LF1   Pa863.44 F385n, 2006 12315-10 25.06.2020 25.06.2020 Libro y Folleto Colección Patrimonio Dominicano    
    Préstamo restrigido Patrimonio Dominicano General General Depósito 11.11.2009 LF1   Pa863.44 F385n, 2006 12315-20 25.06.2020 25.06.2020 Libro y Folleto Colección Patrimonio Dominicano Préstamo restringido e. 2
      Dominicana de Servicio General General Depósito 11.10.2011 LF1   Pa863.44 F385n, 2006 12315-70 25.06.2020 25.06.2020 Libro y Folleto Colección Dominicana de Servicio   e. 3

Powered by Koha